| 000 | 00642nam a2200205Ia 4500 | ||
|---|---|---|---|
| 005 | 20260114154813.0 | ||
| 008 | 008 250103s9999 xx 000 0 eng d | ||
| 037 | _aTheses | ||
| 040 |
_aCRL _beng _cCRL |
||
| 041 |
_aeng _2eng |
||
| 084 | _qCRL | ||
| 100 |
_aRoy Nikhil Au. _9866290 |
||
| 245 | 0 | _aSelf-Organised Criticality in River Bank Failure: A Case Study of Brahmaputra River System in Assam | |
| 260 |
_aDelhi _bUniversity of Delhi. Faculty of Social Science. Depatment of Geography _c2021 |
||
| 300 | _a200p. | ||
| 650 |
_aGeography _9866291 |
||
| 700 |
_a Pandey B.W. Gu. _9866292 |
||
| 942 | _cTH | ||
| 999 |
_c1468394 _d1468394 |
||